00642nam a2200181 i 450000100060000000300090000600500170001500700030003200800410003510000330007624501080010926000530021730000210027050000630029150200240035471000570037885200250043560743ES-MaACL20250717081027.0t|031106q1903 sp ||||1| spa d1 aEstopiñá Cayetano, Luis.13aLa gastrostomía en el tratamiento de las estrecheces del esófago /cpor Luis Estopiñá Cayetano. aValencia : bSanchis Torres y Sanchis, c[1903?] a24 p. ; c21 cm. aPrecede al tit: Universidad Central. Facultad de Medicina. aTesis de Doctorado.2 aUniversidad Central (Madrid). bFacultad de Medicina aES-MaACLjT-1227-F-1